000 00525nam a2200181 a 4500
001 000021119
005 20200930011235.0
008 100831s1970 it r 000 p spa d
040 _aDO-SdBNP
_bspa
_cBNPHU
082 _a851.8
_bM763b, 1970
100 1 _aMontale, Eugenio
_d1896-1981
_944159
245 1 3 _aLa bufera e altro /
_cEugenio Montale.
250 _a5a ed.
260 _aVenora :
_bArnoldo Mondadori,
_c1970.
300 _a128 p. ;
_c19 cm.
650 4 _aPoesía italiana
_94554
650 4 _aLiteratura italiana
_93329
999 _c20621
_d20621